00909nam a2200253 u 450000100100000000500170001000800410002702000150006804000250008304100130010808200180012110000190013924000310015824501150018926000290030430000200033349000430035350000360039650400340043250400740046665000360054070000360057683000430061200002522620200930023637.0110211s1974 es r 001 0 spa d a8471121441 aDO-SdBNPbspacBNPHU17aspahfre a371.26bB640d1 aBonboir, Anna.13aLa docimologie.lEspañol13aLa docimología :bproblemática de la evaluación /cAnna Bonboir ; traducción Luis Hernández Alfonso. aMadrid :bMorata,c1974. a238 p ;c21 cm.1 aFilosofía, psicología, pedagogía aTítulo original en francés. aBibliografía : [230]-238 p. aIncluye referencias bibliográficas y notas al pie de las páginas. 4aMediciones y pruebas educativas1 aHernández Alfonso, Luis,etr. 0aFilosofía, psicología, pedagogía